[Event "IRQ-chT 30th"]
[Site "Baghdad"]
[Date "2018.03.23"]
[Round "11"]
[White "Sabry Abd, Mohammed"]
[Black "Taleb, Salem Hatam"]
[Result "0-1"]
[WhiteElo "1995"]
[BlackElo "2054"]
[PlyCount "101"]
[EventDate "2018.03.08"]
[EventType "team-swiss"]
[EventRounds "13"]
[EventCountry "IRQ"]
[SourceTitle "CBM 183 Extra"]
[Source "ChessBase"]
[SourceDate "2018.04.19"]
[SourceVersion "1"]
[SourceVersionDate "2018.04.19"]
[SourceQuality "1"]

1. Nf3 c5 2. d4 cxd4 3. Nxd4 d5 4. g3 e5 5. Nf3 Nc6 6. Bg2 Nf6 7. 0-0 Be7 8. b3 0-0 9. Bb2 Qc7 10. Nbd2 Rd8 11. Rc1 a5 12. c4 d4 13. Qc2 Bg4 14. a3 Bh5 15. c5 Nd7 16. Ne4 Bg6 17. Nfd2 Bxc5 18. Qc4 Be7 19. b4 axb4 20. axb4 Ra4 21. Ba3 Qb6 22. Nc5 Bxc5 23. bxc5 Qa7 24. Qd5 Rxa3 25. Ne4 Bxe4 26. Qxe4 Nxc5 27. Qh4 Ne6 28. Bh3 Rf8 29. Bg2 Qa6 30. Rfe1 Ra2 31. Bf3 Qa5 32. Rb1 Rb2 33. Rxb2 Qxe1+ 34. Kg2 Nc5 35. Be4 Nxe4 36. Qxe4 Qa5 37. Rxb7 Nd8 38. Re7 Ne6 39. f3 Qd8 40. Ra7 Qf6 41. h4 h5 42. Ra5 g6 43. Rxe5 Rc8 44. f4 Rc5 45. Qa8+ Kg7 46. Re4 Qf5 47. Qb7 Qd5 48. Qxd5 Rxd5 49. Kf2 Kf6 50. Ke1 Kf5 51. Kf2 0-1

[Event "IRQ-chT 29th"]
[Site "Baghdad"]
[Date "2017.03.23"]
[Round "8"]
[White "Obada, Ahmad Azeezjawad"]
[Black "Sabry Abd, Mohammed"]
[Result "1-0"]
[WhiteElo "2400"]
[BlackElo "2025"]
[PlyCount "41"]
[EventDate "2017.03.09"]
[EventType "team-match"]
[EventRounds "11"]
[EventCountry "IRQ"]
[SourceTitle "CBM 177 Extra"]
[Source "ChessBase"]
[SourceDate "2017.04.27"]
[SourceVersion "1"]
[SourceVersionDate "2017.04.27"]
[SourceQuality "1"]
[WhiteTeam "Etisalat"]
[BlackTeam "Hadef"]
[WhiteTeamCountry "IRQ"]
[BlackTeamCountry "IRQ"]

1. e4 g6 2. d4 Bg7 3. f4 d5 4. e5 Bf5 5. Nf3 e6 6. c4 Ne7 7. Nc3 0-0 8. h3 h5 9. Ng5 h4 10. Be3 Nbc6 11. a3 Bh6 12. Nf3 f6 13. exf6 Rxf6 14. Nxh4 Be4 15. Nxe4 dxe4 16. g3 e5 17. dxe5 Qxd1+ 18. Rxd1 Nxe5 19. fxe5 Rxf1+ 20. Rxf1 Bxe3 21. Rd7 1-0